[Event "4NCL Division 4 South"]
[Site "Maidenhead, ENG"]
[Date "2020.02.08"]
[Round "5.123"]
[White "Turner, Jeremy"]
[Black "Dasgupta, Avyukt"]
[Result "1/2-1/2"]
[WhiteElo "1315"]
[BlackElo "1637"]
[PlyCount "111"]
[EventDate "2020.02.08"]
[WhiteTeam "Celtic Tigers 3"]
[BlackTeam "Watford 2"]

1. c4 e5 2. Nc3 Nf6 3. Nf3 Nc6 4. d4 exd4 5. Nxd4 Ne5 6. e3 d5 7. cxd5 Nxd5 8.
Bd2 Be7 9. Be2 O-O 10. O-O Bf6 11. Qc2 c6 12. h3 Qd6 13. Ne4 Qe7 14. Nxf6+ Qxf6
15. Nf3 Bf5 16. e4 Bg6 17. Nxe5 Qxe5 18. f3 Nf4 19. Bc3 Qg5 20. Bc4 Nxh3+ 21.
Kh2 Nf4 22. Qd2 Rad8 23. Qf2 Qh5+ 24. Kg1 b6 25. Bd2 Nd3 26. Bxd3 Rxd3 27. Qe2
Rfd8 28. Rad1 Qb5 29. Bc3 f6 30. Rxd3 Qxd3 31. Qxd3 Rxd3 32. Kf2 Kf7 33. Ke2
Rd7 34. Rd1 Rxd1 35. Kxd1 Ke6 36. Kd2 Kd6 37. b4 Bf7 38. a3 c5 39. Kd3 h5 40.
f4 Bg6 41. Ke3 cxb4 42. axb4 a6 43. Kd4 Bf7 44. Ke3 Kc6 45. e5 Kb5 46. exf6
gxf6 47. Ke4 Kc4 48. Bxf6 Kxb4 49. Kd4 a5 50. Be7+ Kb3 51. Bd8 a4 52. Bxb6 a3
53. Ke5 a2 54. Bd4 Kc2 55. Kf6 Kd3 56. Be5 1/2-1/2

[Event "4NCL Division 4 South"]
[Site "Maidenhead, ENG"]
[Date "2020.02.08"]
[Round "5.124"]
[White "Hylands, Keith A"]
[Black "Sarfas, Robin"]
[Result "1-0"]
[WhiteElo "1382"]
[BlackElo "1187"]
[PlyCount "103"]
[EventDate "2020.02.08"]
[WhiteTeam "Watford 2"]
[BlackTeam "Celtic Tigers 3"]

1. e4 c6 2. d4 d5 3. e5 c5 4. c3 Bf5 5. Bd3 Bxd3 6. Qxd3 e6 7. Ne2 Nc6 8. a3
Be7 9. Qg3 g6 10. O-O cxd4 11. cxd4 Qb6 12. Qd3 a5 13. Nbc3 Qb3 14. Qb5 a4 15.
Qxb3 axb3 16. Nb5 Ra4 17. Be3 f6 18. f4 Nh6 19. Kh1 Nf5 20. Bg1 g5 21. g4 Nh6
22. fxg5 fxg5 23. h3 Rf8 24. Rxf8+ Bxf8 25. Rf1 Be7 26. Be3 Nf7 27. Nc7+ Kd7
28. Rxf7 Kxc7 29. Bxg5 Kd8 30. Bxe7+ Nxe7 31. Rf3 Nc6 32. Rxb3 Nxd4 33. Nxd4
Rxd4 34. Kg2 Re4 35. Kf3 Rxe5 36. Re3 Rxe3+ 37. Kxe3 Ke7 38. b4 Kd6 39. a4 Ke5
40. a5 d4+ 41. Kd3 Kd5 42. b5 Kc5 43. a6 Kb6 44. axb7 Kxb7 45. Kxd4 Kb6 46. Ke5
Kxb5 47. Kxe6 Kc5 48. g5 Kd4 49. h4 Ke4 50. Kf6 Kf4 51. Kg7 Kg4 52. Kxh7 1-0

[Event "4NCL Division 4 South"]
[Site "Maidenhead, ENG"]
[Date "2020.02.08"]
[Round "5.125"]
[White "Mackenzie, Jon"]
[Black "Tharkabhushanam, Anirvin"]
[Result "1/2-1/2"]
[WhiteElo "1187"]
[BlackElo "1360"]
[PlyCount "105"]
[EventDate "2020.02.08"]
[WhiteTeam "Celtic Tigers 3"]
[BlackTeam "Watford 2"]

1. d4 Nf6 2. Bf4 d6 3. e3 g6 4. Nd2 Bg7 5. Bd3 c5 6. Ngf3 O-O 7. c3 Nc6 8. h4
Nh5 9. Bg3 Bg4 10. Be2 cxd4 11. cxd4 Nxg3 12. fxg3 Rc8 13. O-O Qb6 14. Qb3 Qc7
15. Rf2 Bxf3 16. Rxf3 Bxd4 17. Raf1 Bf6 18. Rf4 Qb6 19. Nc4 Qxb3 20. axb3 d5
21. Nd6 Rc7 22. Nb5 Rd7 23. h5 g5 24. Rf5 Bxb2 25. Rxg5+ Kh8 26. Bg4 Rdd8 27.
Nc7 Rg8 28. Rxg8+ Kxg8 29. h6 Be5 30. Bh5 Bxc7 31. Bxf7+ Kh8 32. Be6 Ne5 33. g4
Bb6 34. Rf5 Bxe3+ 35. Kh1 Bxh6 36. Rxe5 d4 37. g5 d3 38. gxh6 d2 39. Bg4 d1=Q+
40. Bxd1 Rxd1+ 41. Kh2 Rd4 42. Rxe7 Rh4+ 43. Kg3 Rxh6 44. Rxb7 a6 45. b4 Kg8
46. b5 axb5 47. Rxb5 Kf7 48. Kf3 Rf6+ 49. Kg3 Kg6 50. Kg4 Rf1 51. Rg5+ Kf6 52.
Rh5 Kg6 53. g3 1/2-1/2

[Event "4NCL Division 4 South"]
[Site "Maidenhead, ENG"]
[Date "2020.02.08"]
[Round "5.126"]
[White "Ramesh, Karthik R"]
[Black "Osseiran, Nadim"]
[Result "1-0"]
[WhiteElo "1270"]
[BlackElo "1112"]
[PlyCount "47"]
[EventDate "2020.02.08"]
[WhiteTeam "Watford 2"]
[BlackTeam "Celtic Tigers 3"]

1. f4 d5 2. e3 Bf5 3. Nf3 e6 4. Be2 Nf6 5. Nh4 Be4 6. d3 Bg6 7. Nxg6 hxg6 8.
Nd2 Nc6 9. b3 Bc5 10. d4 Bb4 11. Bb2 Qe7 12. Bb5 Qd6 13. O-O O-O-O 14. c4 b6
15. Ba6+ Kd7 16. Nf3 Ng4 17. Ne5+ Ngxe5 18. fxe5 Qe7 19. Qf3 Rdf8 20. cxd5 Nb8
21. d6 cxd6 22. Qb7+ Ke8 23. Qxb8+ Kd7 24. Bb5# 1-0

[Event "4NCL Division 4 South"]
[Site "Maidenhead, ENG"]
[Date "2020.02.08"]
[Round "5.131"]
[White "Stoica, Savas Marin"]
[Black "Jackson, Gary C"]
[Result "1-0"]
[WhiteElo "1967"]
[BlackElo "1775"]
[PlyCount "79"]
[EventDate "2020.02.08"]
[WhiteTeam "Barnet Knights 2"]
[BlackTeam "Banbury Bulldogs"]

1. e4 c5 2. Nf3 d6 3. d4 cxd4 4. Nxd4 Nf6 5. Nc3 g6 6. Be3 Bg7 7. f3 O-O 8. Qd2
Nc6 9. Bc4 Bd7 10. O-O-O Rc8 11. Bb3 Ne5 12. h4 h5 13. Bh6 Nc4 14. Bxc4 Rxc4
15. Bxg7 Kxg7 16. g4 Rh8 17. g5 Ne8 18. e5 Qa5 19. Rhe1 b5 20. e6 b4 21. Nb1
fxe6 22. Nxe6+ Kf7 23. Nd8+ Kf8 24. Qe2 Rxc2+ 25. Qxc2 Qxd8 26. Rd4 Bf5 27. Qe2
a5 28. Nd2 Ng7 29. Nc4 Ne6 30. Rd5 Nf4 31. Qe5 dxe5 32. Rxd8+ Kg7 33. Rxh8 Kxh8
34. Nxe5 Kg7 35. Kd2 Ng2 36. Rh1 Be6 37. Nd3 Bf5 38. Rh2 Bxd3 39. Kxd3 Nf4+ 40.
Ke4 1-0

[Event "4NCL Division 4 South"]
[Site "Maidenhead, ENG"]
[Date "2020.02.08"]
[Round "5.132"]
[White "Martin, Nick J"]
[Black "Farahi-Far, Arman"]
[Result "0-1"]
[WhiteElo "1774"]
[BlackElo "1735"]
[PlyCount "50"]
[EventDate "2020.02.08"]
[WhiteTeam "Banbury Bulldogs"]
[BlackTeam "Barnet Knights 2"]

1. e4 c5 2. Nc3 Nc6 3. f4 g6 4. Nf3 d6 5. Bc4 Bg7 6. a4 e6 7. d3 Nge7 8. O-O
O-O 9. Qe1 Nb4 10. Bb3 b6 11. Ne2 d5 12. Ng3 a5 13. Qf2 Ra7 14. Rb1 Rc7 15. Rd1
dxe4 16. Nxe4 c4 17. Bxc4 Rxc4 18. Nc3 Bxc3 19. bxc3 Rxc3 20. Rd2 Qc7 21. Bb2
Rxc2 22. Qd4 Qc5 23. Rxc2 Nxc2 24. Qxc5 bxc5 25. Rc1 Nb4 0-1

[Event "4NCL Division 4 South"]
[Site "Maidenhead, ENG"]
[Date "2020.02.08"]
[Round "5.133"]
[White "Carter, Rebecca"]
[Black "Hibbitt, Arthur"]
[Result "1-0"]
[WhiteElo "1720"]
[BlackElo "1749"]
[PlyCount "29"]
[EventDate "2020.02.08"]
[WhiteTeam "Barnet Knights 2"]
[BlackTeam "Banbury Bulldogs"]

1. c4 d6 2. Nc3 Nf6 3. Nf3 e5 4. g3 c6 5. Qc2 Be6 6. b3 Qc8 7. Bg2 Bh3 8. O-O
Be7 9. d4 Bxg2 10. Kxg2 O-O 11. dxe5 Ng4 12. exd6 Bxd6 13. Bb2 Nd7 14. Rad1 Be7
15. Qe4 1-0

[Event "4NCL Division 4 South"]
[Site "Maidenhead, ENG"]
[Date "2020.02.08"]
[Round "5.134"]
[White "Joain, Danut"]
[Black "Angelopoulos, Andreas"]
[Result "1-0"]
[WhiteElo "1635"]
[BlackElo "1630"]
[PlyCount "63"]
[EventDate "2020.02.08"]
[WhiteTeam "Banbury Bulldogs"]
[BlackTeam "Barnet Knights 2"]

1. d4 Nf6 2. Nf3 e6 3. Bf4 d5 4. e3 Bd6 5. Bg3 O-O 6. Bd3 b6 7. Nbd2 c5 8. c3
Bb7 9. Ne5 Nc6 10. O-O Qc7 11. f4 c4 12. Bc2 b5 13. Bh4 Be7 14. Bxf6 Bxf6 15.
Rf3 g6 16. g4 Bg7 17. g5 Nxe5 18. fxe5 Qe7 19. Rg3 a5 20. Qg4 h5 21. gxh6 Bxh6
22. Kh1 b4 23. Rag1 Bg7 24. Nf3 Qc7 25. Bxg6 fxg6 26. Qxg6 Rxf3 27. Rxf3 Rf8
28. Qxe6+ Rf7 29. Qe8+ Kh7 30. Rxf7 Qc8 31. Rfxg7+ Kh6 32. Qg6# 1-0

[Event "4NCL Division 4 South"]
[Site "Maidenhead, ENG"]
[Date "2020.02.08"]
[Round "5.135"]
[White "Sanfey, Gregor"]
[Black "Langham, Rod E"]
[Result "1/2-1/2"]
[WhiteElo "1600"]
[BlackElo "1635"]
[PlyCount "48"]
[EventDate "2020.02.08"]
[WhiteTeam "Barnet Knights 2"]
[BlackTeam "Banbury Bulldogs"]

1. d4 d5 2. c4 e6 3. Nf3 Nf6 4. g3 c6 5. Bg2 Ne4 6. Nbd2 f5 7. Nxe4 fxe4 8. Ne5
Bd6 9. e3 O-O 10. Bd2 Qf6 11. Ng4 Qe7 12. a3 Nd7 13. c5 Bc7 14. h4 h5 15. Nh2
Nf6 16. g4 hxg4 17. Nxg4 Nxg4 18. Qxg4 e5 19. Qg6 Bf5 20. Qg5 Qxg5 21. hxg5
exd4 22. exd4 g6 23. Bh3 Kg7 24. Ke2 Bxh3 1/2-1/2

[Event "4NCL Division 4 South"]
[Site "Maidenhead, ENG"]
[Date "2020.02.08"]
[Round "5.136"]
[White "Rumsby, Stephen"]
[Black "Agnihotri, Aaryan"]
[Result "1-0"]
[WhiteElo "1571"]
[BlackElo "1570"]
[PlyCount "69"]
[EventDate "2020.02.08"]
[WhiteTeam "Banbury Bulldogs"]
[BlackTeam "Barnet Knights 2"]

1. e4 e5 2. Nf3 Nc6 3. Bb5 a6 4. Ba4 b5 5. Bb3 Nf6 6. Qe2 Bc5 7. c3 d6 8. h3
O-O 9. d3 h6 10. O-O Re8 11. Be3 Bxe3 12. fxe3 Be6 13. Bc2 d5 14. exd5 Bxd5 15.
e4 Be6 16. Nbd2 Nh5 17. Nb3 Ng3 18. Qf2 Nxf1 19. Rxf1 a5 20. a3 Bxb3 21. Bxb3
Rf8 22. Qc5 Ra6 23. Qxb5 Rb6 24. Qc4 Qb8 25. Ba4 Ne7 26. Nxe5 Rxb2 27. Nd7 Qa7+
28. Kh1 Qa8 29. Nxf8 Qxf8 30. Bb3 Kh7 31. Rxf7 Qd8 32. d4 Ng6 33. e5 Qg5 34.
Rxg7+ Kxg7 35. Qg8# 1-0

[Event "4NCL Division 4 South"]
[Site "Maidenhead, ENG"]
[Date "2020.02.08"]
[Round "5.141"]
[White "Ogunshola, Ben"]
[Black "McMahon, Paul"]
[Result "1-0"]
[WhiteElo "2163"]
[BlackElo "1926"]
[PlyCount "81"]
[EventDate "2020.02.08"]
[WhiteTeam "The Pitstop"]
[BlackTeam "Poisoned Pawns - Next Generation"]

1. c4 Nf6 2. Nf3 e6 3. g3 d5 4. Bg2 Be7 5. O-O O-O 6. b3 c5 7. cxd5 Nxd5 8. Bb2
Nc6 9. Qc1 b6 10. Rd1 Bb7 11. d4 cxd4 12. Nxd4 Nxd4 13. Bxd4 Bf6 14. Qb2 Bxd4
15. Rxd4 Qe7 16. Na3 Rac8 17. Rad1 Nc3 18. R1d2 Bxg2 19. Kxg2 Nd5 20. Nc4 f5
21. e4 fxe4 22. Rxe4 Nf6 23. Re1 Rc5 24. Kg1 h5 25. Ne5 Qb7 26. Ng6 Rfc8 27.
Nf4 h4 28. Rde2 Rf5 29. Qd4 Ng4 30. Rxe6 Qf3 31. Re8+ Rf8 32. R8e7 Rf6 33. Nh5
h3 34. Nf4 Rc2 35. Re8+ Kh7 36. Nxh3 Nxf2 37. Ng5+ Kg6 38. Nxf3 Nh3+ 39. Kh1
Nf2+ 40. Kg2 Ng4+ 41. R1e2 1-0

[Event "4NCL Division 4 South"]
[Site "Maidenhead, ENG"]
[Date "2020.02.08"]
[Round "5.142"]
[White "Zheng, Harry Z"]
[Black "Froom, Oliver"]
[Result "0-1"]
[WhiteElo "1823"]
[BlackElo "1926"]
[PlyCount "148"]
[EventDate "2020.02.08"]
[WhiteTeam "Poisoned Pawns - Next Generation"]
[BlackTeam "The Pitstop"]

1. e4 c5 2. Nf3 d6 3. d4 cxd4 4. Nxd4 Nf6 5. Nc3 g6 6. Be3 Bg7 7. f3 O-O 8. Qd2
Nc6 9. O-O-O d5 10. exd5 Nxd5 11. Nxc6 bxc6 12. Bd4 e5 13. Bc5 Be6 14. Ne4 Qc7
15. Bxf8 Rxf8 16. Nc5 Bc8 17. Bc4 Qe7 18. Ne4 Be6 19. Bb3 Rb8 20. Kb1 h6 21.
Qf2 Bf8 22. Rhe1 f5 23. Nd2 Bg7 24. Nc4 Qc7 25. Qg3 Bf7 26. Qf2 a5 27. a4 Rb4
28. Qc5 Bf8 29. Qxa5 Rxc4 30. Qxc7 Nxc7 31. Bxc4 Bxc4 32. Rxe5 Bd5 33. Ree1 Kf7
34. b3 Bb4 35. Re3 Bc5 36. Red3 Be7 37. Kb2 Bf6+ 38. Ka2 Na6 39. Kb1 Nc5 40.
Re3 f4 41. Re2 Bc3 42. Ka2 Na6 43. Ka3 Nb4 44. a5 g5 45. Rf1 Be6 46. Re4 c5 47.
Rf2 Bd5 48. Ree2 Bc6 49. Rd2 Bxd2 50. Rxd2 Ke6 51. c3 Nd5 52. Rd3 Bb7 53. c4
Ne3 54. Rd2 g4 55. Rf2 gxf3 56. gxf3 Ke5 57. Ka4 Bc6+ 58. Ka3 Kd4 59. a6 Kc3
60. a7 Nc2+ 61. Ka2 Ne3 62. Ka3 Kd3 63. Kb2 Nd1+ 64. Ka3 Nxf2 65. b4 Kxc4 66.
bxc5 Nd3 67. h4 h5 68. Ka2 Bxf3 69. Ka3 Bc6 70. Ka2 f3 71. Ka3 f2 72. Ka2 f1=Q
73. a8=Q Qe2+ 74. Ka3 Qb2# 0-1

[Event "4NCL Division 4 South"]
[Site "Maidenhead, ENG"]
[Date "2020.02.08"]
[Round "5.143"]
[White "Carter, John P"]
[Black "Srivastava, Arnav"]
[Result "0-1"]
[WhiteElo "1566"]
[BlackElo "1728"]
[PlyCount "42"]
[EventDate "2020.02.08"]
[WhiteTeam "The Pitstop"]
[BlackTeam "Poisoned Pawns - Next Generation"]

1. e4 e5 2. Nf3 Nc6 3. Bb5 a6 4. Ba4 Nf6 5. O-O Be7 6. Re1 b5 7. Bb3 O-O 8. c3
d5 9. exd5 Nxd5 10. Nxe5 Nxe5 11. Rxe5 c6 12. d4 Bd6 13. Re1 Qh4 14. g3 Qh3 15.
Qf3 Bg4 16. Qg2 Qh5 17. Nd2 Rae8 18. Re4 Bf5 19. Rxe8 Rxe8 20. h4 Re1+ 21. Kh2
Qxh4+ 0-1

[Event "4NCL Division 4 South"]
[Site "Maidenhead, ENG"]
[Date "2020.02.08"]
[Round "5.144"]
[White "Dharmasena, Gavith"]
[Black "Green, George D A"]
[Result "1-0"]
[WhiteElo "1665"]
[BlackElo "1557"]
[PlyCount "89"]
[EventDate "2020.02.08"]
[WhiteTeam "Poisoned Pawns - Next Generation"]
[BlackTeam "The Pitstop"]

1. e4 d6 2. d4 Nf6 3. Nc3 g6 4. Be3 c6 5. a4 Nbd7 6. Qd2 e5 7. Nf3 Ng4 8. Bg5
f6 9. Bh4 Qe7 10. h3 Nh6 11. O-O-O Nf7 12. Kb1 a5 13. d5 Bh6 14. Qe1 Nb6 15.
Nd2 O-O 16. Nc4 Nxc4 17. Bxc4 Bd7 18. Rf1 Kh8 19. Qe2 Rab8 20. Qd3 Bg5 21. Bxg5
fxg5 22. dxc6 Bxc6 23. Bxf7 Rxf7 24. Qxd6 Qxd6 25. Rxd6 Re8 26. f3 Kg7 27. Rfd1
h5 28. Nb5 g4 29. hxg4 hxg4 30. R1d3 gxf3 31. gxf3 Ree7 32. b3 Bxb5 33. axb5
Kh6 34. b6 Kg5 35. Kb2 Rf6 36. c4 Ref7 37. Rxf6 Rxf6 38. c5 Rf7 39. Ka3 Kf4 40.
Ka4 Kg3 41. Kxa5 g5 42. b4 Rxf3 43. Rxf3+ Kxf3 44. c6 g4 45. c7 1-0

[Event "4NCL Division 4 South"]
[Site "Maidenhead, ENG"]
[Date "2020.02.08"]
[Round "5.145"]
[White "Sloan, Hamish"]
[Black "Dharmasena, Kian"]
[Result "1/2-1/2"]
[WhiteElo "1514"]
[BlackElo "1610"]
[PlyCount "82"]
[EventDate "2020.02.08"]
[WhiteTeam "The Pitstop"]
[BlackTeam "Poisoned Pawns - Next Generation"]

1. e4 e5 2. Nf3 Nc6 3. Bb5 Nf6 4. O-O d6 5. Re1 a6 6. Ba4 Be7 7. c3 O-O 8. d4
b5 9. Bc2 Bg4 10. d5 Nb8 11. h3 Bh5 12. a4 bxa4 13. Rxa4 Nbd7 14. b4 Nb6 15.
Ra2 Qd7 16. Qe2 Rfc8 17. Nbd2 c6 18. dxc6 Qxc6 19. Bb2 Bxf3 20. Qxf3 d5 21.
exd5 Qxd5 22. Qxd5 Nbxd5 23. Rxe5 Bxb4 24. Be4 Nxc3 25. Bxc3 Bxc3 26. Bxa8 Bxe5
27. Rxa6 Rd8 28. Bf3 Rc8 29. Ra8 Rxa8 30. Bxa8 Kf8 31. Kf1 Ke7 32. Ke2 $11 Ke6
33. Ne4 Nxe4 34. Bxe4 Bd6 35. Bc2 h6 36. Kf3 Kf6 37. Kg4 Bc5 38. f3 Bd6 39. Bb3
Kg6 40. Bc2+ Kf6 41. h4 g6 1/2-1/2

[Event "4NCL Division 4 South"]
[Site "Maidenhead, ENG"]
[Date "2020.02.08"]
[Round "5.146"]
[White "Weersing, Nathan"]
[Black "Fernando, Manel"]
[Result "1-0"]
[WhiteElo "1470"]
[BlackElo "1479"]
[PlyCount "91"]
[EventDate "2020.02.08"]
[WhiteTeam "Poisoned Pawns - Next Generation"]
[BlackTeam "The Pitstop"]

1. e4 e5 2. Nf3 Nc6 3. Bc4 Be7 4. Nc3 d6 5. Nd5 Bg4 6. h3 Bh5 7. Be2 Nf6 8.
Nxe7 Qxe7 9. d3 O-O 10. g4 Bg6 11. Nh4 Nd4 12. Nf5 Bxf5 13. gxf5 Nxe2 14. Qxe2
Rad8 15. h4 d5 16. f3 Kh8 17. h5 Rg8 18. Qf2 dxe4 19. fxe4 Qb4+ 20. Qd2 Qb6 21.
b3 Nxe4 22. Qe3 Qb4+ 23. Bd2 Nxd2 24. Qxd2 Qg4 25. Qf2 Rd4 26. f6 Rf4 27. fxg7+
Rxg7 28. Qxa7 Qg3+ 29. Kd2 Qg2+ 30. Kc3 Rfg4 31. h6 Qc6+ 32. Kb2 Rg8 33. Qe3 f6
34. Rhg1 Rg2 35. Rxg2 Rxg2 36. Rc1 Rh2 37. Kb1 Qd6 38. Rg1 Qf8 39. Rg7 Rxh6 40.
Rxc7 Rh1+ 41. Kb2 b5 42. Qe4 Qd8 43. Qb7 Qd4+ 44. Ka3 Qd6+ 45. b4 Rg1 46. Rxh7+
1-0

[Event "4NCL Division 4 South"]
[Site "Maidenhead, ENG"]
[Date "2020.02.08"]
[Round "5.151"]
[White "Deacon, David J"]
[Black "Durrant, Paul Eo"]
[Result "1/2-1/2"]
[WhiteElo "1598"]
[BlackElo "1825"]
[PlyCount "66"]
[EventDate "2020.02.08"]
[WhiteTeam "Wessex D"]
[BlackTeam "Surbiton 2"]

1. d4 c5 2. d5 g6 3. Nf3 Bg7 4. g3 Nf6 5. Bg2 d6 6. O-O e6 7. Nc3 O-O 8. e4
exd5 9. exd5 Na6 10. h3 Nc7 11. a4 b6 12. Re1 a6 13. Nd2 Rb8 14. Nde4 Nxe4 15.
Nxe4 Bf5 16. Bg5 f6 17. Bc1 Re8 18. c3 Qd7 19. Bf4 Bxe4 20. Rxe4 g5 21. Be3
Rxe4 22. Bxe4 f5 23. Bg2 h6 24. Qd2 Qe7 25. Bf1 Re8 26. Rd1 Qe5 27. h4 gxh4 28.
gxh4 Qf6 29. Bf4 Bf8 30. Bg3 Re4 31. Bh3 f4 32. Bg2 f3 33. Qd3 Rxa4 1/2-1/2

[Event "4NCL Division 4 South"]
[Site "Maidenhead, ENG"]
[Date "2020.02.08"]
[Round "5.152"]
[White "Alcock, Graham P"]
[Black "Priest, Christopher Pa"]
[Result "1-0"]
[WhiteElo "1750"]
[BlackElo "1675"]
[PlyCount "91"]
[EventDate "2020.02.08"]
[WhiteTeam "Surbiton 2"]
[BlackTeam "Wessex D"]

1. e4 Nf6 2. Nc3 d6 3. d4 c6 4. h3 Nbd7 5. Nf3 e5 6. dxe5 dxe5 7. a3 Be7 8. Bc4
h6 9. O-O O-O 10. Qe2 Re8 11. Be3 Qc7 12. Nh2 Bc5 13. Bd2 Bd4 14. Kh1 Nc5 15.
f3 b5 16. Ba2 a5 17. Qe1 Ne6 18. Rb1 b4 19. Ne2 Ba6 20. c4 bxc3 21. bxc3 Bc5
22. c4 Bc8 23. Qc1 a4 24. Rd1 Nd4 25. Nxd4 Bxd4 26. Be3 c5 27. Nf1 Be6 28. Qc2
Qd7 29. Kh2 Reb8 30. Bg1 Nh5 31. Ne3 Nf4 32. Nd5 Bxd5 33. cxd5 Qa7 34. Qc4 Rxb1
35. Rxb1 Qa6 36. Rb8+ Kh7 37. Rxa8 Qxa8 38. d6 Qa7 39. Qxf7 Qa6 40. Qf5+ Ng6
41. d7 Bxg1+ 42. Kxg1 Qb6 43. Bf7 c4+ 44. Kh2 c3 45. Bxg6+ Qxg6 46. Qxg6+ 1-0

[Event "4NCL Division 4 South"]
[Site "Maidenhead, ENG"]
[Date "2020.02.08"]
[Round "5.153"]
[White "Tomar, Pankaj"]
[Black "Kumar, Sanjit S"]
[Result "1-0"]
[WhiteElo "1483"]
[BlackElo "1690"]
[PlyCount "123"]
[EventDate "2020.02.08"]
[WhiteTeam "Wessex D"]
[BlackTeam "Surbiton 2"]

1. e4 e5 2. Nf3 Nc6 3. Bb5 a6 4. Ba4 Nf6 5. d3 b5 6. Bb3 d6 7. Nc3 Na5 8. d4
Nxb3 9. axb3 exd4 10. Nxd4 Bb7 11. f3 g6 12. Bg5 Bg7 13. Nd5 O-O 14. c4 c6 15.
Ne3 h6 16. Bh4 g5 17. Bf2 d5 18. e5 Nh5 19. e6 dxc4 20. exf7+ Rxf7 21. Ndf5 Nf4
22. O-O Nd3 23. Nxg7 Rxg7 24. Qc2 Nxf2 25. Rxf2 cxb3 26. Qxb3+ Kh8 27. Nf5 Rg6
28. Qf7 Qf6 29. Qxb7 Rf8 30. Ng3 g4 31. Rxa6 gxf3 32. Ra7 Rg7 33. Qxg7+ Qxg7
34. Rxg7 Kxg7 35. gxf3 c5 36. Kg2 c4 37. Rc2 Rg8 38. Nf5+ Kg6 39. Nd4 Rb8 40.
Kg3 Rb6 41. Rc3 Kf6 42. Re3 h5 43. h4 Kg6 44. Re5 b4 45. Rg5+ Kf6 46. Rxh5 Kg6
47. Rc5 c3 48. bxc3 b3 49. Rb5 Rf6 50. Kg4 b2 51. Rxb2 Rd6 52. h5+ Kf6 53. Rb5
Kf7 54. Kg5 Ra6 55. h6 Kg8 56. f4 Rd6 57. f5 Ra6 58. Ne6 Kh8 59. Rb7 Ra8 60.
Nf4 Rd8 61. Ng6+ Kg8 62. h7# 1-0

[Event "4NCL Division 4 South"]
[Site "Maidenhead, ENG"]
[Date "2020.02.08"]
[Round "5.154"]
[White "Seymour, Paul"]
[Black "Deacon, Nicholas"]
[Result "1-0"]
[WhiteElo "1667"]
[BlackElo "1360"]
[PlyCount "67"]
[EventDate "2020.02.08"]
[WhiteTeam "Surbiton 2"]
[BlackTeam "Wessex D"]

1. d4 Nf6 2. Bf4 d6 3. Nf3 g6 4. e3 Bg7 5. Nbd2 O-O 6. h3 Nbd7 7. Be2 c5 8. c3
Qb6 9. Qb3 Re8 10. Qxb6 Nxb6 11. O-O cxd4 12. cxd4 Nh5 13. Bh2 e5 14. dxe5 dxe5
15. g4 e4 16. Nd4 Bxd4 17. exd4 Ng7 18. Rfe1 f5 19. f3 exf3 20. Bxf3 Rd8 21.
Nb3 fxg4 22. hxg4 Ne6 23. Rad1 Nd5 $11 24. Re5 Nb4 25. d5 Ng7 26. a3 Na6 27.
Re7 Bd7 28. d6 Bc6 29. Bxc6 bxc6 30. Be5 Ne8 31. Na5 c5 32. d7 Nec7 33. Rg7+
Kh8 34. Rxg6# 1-0

[Event "4NCL Division 4 South"]
[Site "Maidenhead, ENG"]
[Date "2020.02.08"]
[Round "5.155"]
[White "Deacon, Matthew"]
[Black "Ratnesan, Radha"]
[Result "1-0"]
[WhiteElo "1227"]
[BlackElo "1682"]
[PlyCount "89"]
[EventDate "2020.02.08"]
[WhiteTeam "Wessex D"]
[BlackTeam "Surbiton 2"]

1. d4 Nf6 2. c4 e6 3. Nc3 Bb4 4. e3 b6 5. Bd2 Bb7 6. Nf3 d5 7. cxd5 exd5 8.
Qa4+ Nc6 9. Bb5 Qd6 10. Ne5 Bxc3 11. Bxc3 Nd7 12. Bxc6 Bxc6 13. Qxc6 Qxc6 14.
Nxc6 Nf6 15. Nb4 Kd7 16. Nd3 Rhe8 17. Ne5+ Ke6 18. f4 Ne4 19. Rf1 f6 20. f5+
Kd6 21. Ng4 h5 22. Nf2 Nxc3 23. bxc3 Rxe3+ 24. Kd2 Re7 25. Nd3 Rae8 26. Rae1
Re4 27. Rxe4 dxe4 28. Nf4 h4 29. Ng6 Kd5 30. Ke3 Kc4 31. Rc1 a5 32. Nxh4 Rh8
33. g3 Re8 34. Ng6 b5 35. Nf4 Re7 36. Ne2 Kd5 37. Rb1 c6 38. g4 Re8 39. Ng3 Kc4
40. Rc1 Kd5 41. Ne2 Rh8 42. Nf4+ Kc4 43. Rc2 Re8 44. Ne6 Kd5 45. Nc7+ 1-0

[Event "4NCL Division 4 South"]
[Site "Maidenhead, ENG"]
[Date "2020.02.08"]
[Round "5.156"]
[White "Cole, David M"]
[Black "Jerome, David"]
[Result "1-0"]
[WhiteElo "1645"]
[BlackElo "1180"]
[PlyCount "127"]
[EventDate "2020.02.08"]
[WhiteTeam "Surbiton 2"]
[BlackTeam "Wessex D"]

1. d4 e6 2. c4 Bb4+ 3. Nd2 Nc6 4. Ngf3 Nf6 5. a3 Be7 6. e4 h6 7. Bd3 d6 8. O-O
e5 9. d5 Nb8 10. b4 Bg4 11. h3 Bh5 12. Qc2 O-O 13. Nh4 Nfd7 14. Nf5 Bg6 15.
Nxe7+ Qxe7 16. Bb2 b6 17. f4 f6 18. f5 Bh7 19. Nf3 c6 20. Nh4 Qf7 21. Be2 g5
22. fxg6 Bxg6 23. Nf5 Bxf5 24. Rxf5 Kh7 25. Rh5 Qg6 26. Bc1 Qg3 27. Bxh6 Kg6
28. Bxf8 Nxf8 29. Bf3 Nh7 30. Qf2 Qxf2+ 31. Kxf2 Ng5 32. Rh8 Kg7 33. Rh4 b5 34.
Rg4 Kh6 35. h4 Nf7 36. Rg8 Kh7 37. Rc8 cxd5 38. cxd5 a6 39. Rac1 Kh6 40. R1c7
a5 41. Rxf7 axb4 42. axb4 Ra2+ 43. Kg3 Na6 44. Ra8 Nxb4 45. Rxa2 Nxa2 46. Rxf6+
Kg7 47. Rxd6 Nc3 48. Rb6 Kf7 49. Kf2 b4 50. Rxb4 Ke7 51. g4 Kd6 52. Rb6+ Kc5
53. Rc6+ Kd4 54. Rxc3 Kxc3 55. d6 Kd4 56. d7 Kc5 57. d8=Q Kc4 58. h5 Kc3 59. h6
Kc2 60. h7 Kb1 61. Qc7 Ka2 62. h8=Q Ka1 63. Qhb8 Ka2 64. Qca7# 1-0

[Event "4NCL Division 4 South"]
[Site "Maidenhead, ENG"]
[Date "2020.02.08"]
[Round "5.161"]
[White "Prasad, Rupa"]
[Black "Angelopoulos, Nicos"]
[Result "0-1"]
[WhiteElo "1442"]
[BlackElo "1577"]
[PlyCount "74"]
[EventDate "2020.02.08"]
[WhiteTeam "Barnet Knights 4"]
[BlackTeam "Barnet Knights 3"]

1. e4 c6 2. d4 d5 3. Nc3 dxe4 4. Nxe4 Bf5 5. Nc3 e6 6. Nf3 h6 7. Bc4 Nf6 8. O-O
Bd6 9. h3 Nbd7 10. Re1 O-O 11. Nh4 Bh7 12. Qf3 Nb6 13. Qe2 Nxc4 14. Qxc4 Bxc2
15. Be3 Bh7 16. Rad1 Nd5 17. Nxd5 cxd5 18. Qe2 Qxh4 19. Qg4 Qxg4 20. hxg4 Rac8
21. Bd2 b5 22. a3 Rc4 23. Bc3 b4 24. axb4 Bxb4 25. Re3 Bxc3 26. bxc3 Rfc8 27.
Ra1 R8c7 28. Ra6 Kf8 29. f4 R4c6 30. Ra5 Be4 31. Kh2 g6 32. Kh3 Rxc3 33. Rxc3
Rxc3+ 34. g3 Rc1 35. Ra2 Rh1+ 36. Rh2 Rxh2+ 37. Kxh2 a5 0-1

[Event "4NCL Division 4 South"]
[Site "Maidenhead, ENG"]
[Date "2020.02.08"]
[Round "5.162"]
[White "Agnihotri, Akaash"]
[Black "Carter, Gavin"]
[Result "1-0"]
[WhiteElo "1532"]
[BlackElo "1337"]
[PlyCount "67"]
[EventDate "2020.02.08"]
[WhiteTeam "Barnet Knights 3"]
[BlackTeam "Barnet Knights 4"]

1. e4 d6 2. d4 Nf6 3. Nc3 c5 4. d5 g6 5. Bg5 Bg7 6. Qd2 h6 7. Bxf6 Bxf6 8. Nf3
Nd7 9. O-O-O Ne5 10. Nxe5 Bxe5 11. Kb1 Bg7 12. Re1 O-O 13. h4 f5 14. exf5 Bxf5
15. Bd3 Rf7 16. h5 Bxd3 17. Qxd3 g5 18. Qg6 Qb6 19. b3 c4 20. Ne4 Qd4 21. c3
Qd3+ 22. Ka1 Raf8 23. Rd1 Qe2 24. Nxg5 hxg5 25. h6 Qe5 26. hxg7 Qxc3+ 27. Kb1
Qxg7 28. Qe6 cxb3 29. Rh6 bxa2+ 30. Kxa2 Qxh6 31. Qxh6 Rxf2+ 32. Kb1 Rxg2 33.
Qg6+ Kh8 34. Rh1+ 1-0

[Event "4NCL Division 4 South"]
[Site "Maidenhead, ENG"]
[Date "2020.02.08"]
[Round "5.163"]
[White "Ibrahim, Amir"]
[Black "Thatte, Nandinee"]
[Result "1-0"]
[WhiteElo "1367"]
[BlackElo "1532"]
[PlyCount "67"]
[EventDate "2020.02.08"]
[WhiteTeam "Barnet Knights 4"]
[BlackTeam "Barnet Knights 3"]

1. e4 c6 2. Nf3 d5 3. Nc3 dxe4 4. Nxe4 Bf5 5. Nc3 Nd7 6. Be2 e5 7. d3 h6 8. O-O
Ngf6 9. h3 Qc7 10. Re1 Bd6 11. b3 Bb4 12. Bd2 O-O 13. Nb5 cxb5 14. Bxb4 Rfe8
15. d4 Nd5 16. Qd2 a5 17. Ba3 b4 18. Bb2 e4 19. Nh4 e3 20. fxe3 Bxh3 21. gxh3
Qg3+ 22. Ng2 Rxe3 23. Bf1 Rae8 24. Qf2 Qg6 25. Kh1 Rxh3+ 26. Kg1 Ree3 27. Rxe3
Nxe3 28. Re1 Nf5 29. Bd3 Rg3 30. Bxf5 Rxg2+ 31. Qxg2 Qxg2+ 32. Kxg2 Nf6 33. d5
Kf8 34. d6 1-0